000 00610nam a2200241Ia 4500
003 OSt
005 20220912150117.0
006 a|||||r|||| 00| 0
007 ta
008 220909b |||||||| |||| 00| 0 eng d
024 _a28047
037 _cTextual
040 _aCSL
_beng
_cCSL
041 _aeng
082 _aY7933D:1, K3
100 _aFortune R F
245 0 _aSorcerers of Dobu
260 _aLondon
_bReutledge & Kegan Paul
_c1963
300 _axxx, 318p.
_ccm.
650 _aNew Guinea people
942 _hY7933D:1, K3
_cTEXL
_2CC
999 _c39798
_d39798